| 000 | 01052nam a2200253 i 4500 | ||
|---|---|---|---|
| 001 | 61601 | ||
| 003 | ES-MaACL | ||
| 005 | 20240301062533.0 | ||
| 007 | t| | ||
| 008 | 031112s1946 sp f c ||||1| spa d | ||
| 080 | _a016:821.134.2 Cervantes Saavedra, Miguel de 1.07 | ||
| 080 | _a012 Cervantes Saavedra, Miguel de | ||
| 111 | 2 |
_aExposición Cervantina en la Biblioteca Nacional ( _d1946. _cMadrid) _9663 |
|
| 245 | 1 | 0 |
_aExposición Cervantina en la Biblioteca Nacional para conmemorar el CCCXXX aniversario de la muerte de Miguel de Cervantes Saavedra _b: catálogo : Madrid, 23 abril 1946. |
| 260 |
_aMadrid : _b[s.n., _c1946] ( _fTall. Tip. de Pablo López) |
||
| 300 |
_a182 p., 30 lám. ; _c25 cm. |
||
| 600 | 1 | 4 |
_aCervantes Saavedra, Miguel de, _d1547-1616- _vExposiciones _937604 |
| 655 | 7 |
_2tgfbne _9193628 _aCatálogos de exposiciones |
|
| 710 | 2 |
_aBiblioteca Nacional (España) _92188 |
|
| 710 | 1 |
_aEspaña. _bDirección General de Propaganda. _93776 |
|
| 852 |
_aES-MaACL _jB-10722 |
||
| 942 | _2udc | ||
| 999 |
_c61601 _d61601 |
||